English Lyrics in DYT by Itzy - Statistics

General Stats
  • This quiz has been taken 2 times
  • The average score is 58 of 171
Answer Stats
Lyrics % Correct
D
100%
T
100%
Y
100%
Are
50%
Come
50%
Do
50%
Don't
50%
for
50%
get
50%
Got
50%
got
50%
I'm
50%
it
50%
it,
50%
it's
50%
love)
50%
me,
50%
me?
50%
me
50%
need
50%
on
50%
(On
50%
(Show
50%
show
50%
so
50%
Tell
50%
that
50%
that's
50%
thing
50%
this
50%
want
50%
we
50%
What
50%
what
50%
what?
50%
you
50%
you,
50%
your
50%
back
0%
beggin',
0%
beggin'
0%
blah,
0%
blah
0%
Call
0%
call
0%
Can't
0%
deny
0%
Falling
0%
fast
0%
fever
0%
fun
0%
game,
0%
give
0%
Know
0%
let's
0%
make
0%
(Messed
0%
moving
0%
ooh,
0%
playing
0%
prove
0%
ready?
0%
really?
0%
right,
0%
shine,
0%
Tick
0%
tick,
0%
timing
0%
tock
0%
tocking,
0%
too
0%
track
0%
track)
0%
(Turn
0%
up?)
0%
up)
0%
up,
0%
Wake
0%
(What's
0%
yeah
0%
No matching quizzes found
Score Distribution
Percent of People with Each Score
Percentile by Number Answered
Your Score History
You have not taken this quiz